000 00940nas a2200253 454500
001 40468
005 20260407193510.0
008 260407s2016####ag###########|||spa#d
003 AR-UNSa-BCEJYS
040 _aAR-UNSa-BCEJYS
_bspa
_cAR-UNSa-BCEJYS
080 _a342.9
_xDerecho Administrativo
245 1 0 _aTemas de derecho administrativo
_pdoctrina, jurisprudencia, legislación
264 1 _aBuenos Aires :
_bErreius
_c2016
310 _aFrecuencia: Mensual A partir del número correspondiente al mes de Febrero de 2024, cambia de periodicidad en forma bimestral
041 _aspa
942 _cSER
590 _aniveau_biblio:s niveau_hierar:1
100 1 _aBalbín, Carlos Francisco
650 _aDERECHO ADMINISTRATIVO
650 _aDerechos humanos
650 _aResponsabilidad del Estado
650 _aACTO ADMINISTRATIVO
856 4 1 _uhttps://biblioeco.unsa.edu.ar/pmb/images/revistas/R10497.jpg
_yImagen de portada
_qimage/jpeg
999 _c8871
_d8871